<?xml version="1.0" encoding="UTF-8"?>
<record
    xmlns:xsi="http://www.w3.org/2001/XMLSchema-instance"
    xsi:schemaLocation="http://www.loc.gov/MARC21/slim http://www.loc.gov/standards/marcxml/schema/MARC21slim.xsd"
    xmlns="http://www.loc.gov/MARC21/slim">

  <leader>01848cam a22003611  4500</leader>
  <controlfield tag="001">22298</controlfield>
  <controlfield tag="003">BD-RjUL</controlfield>
  <controlfield tag="005">20211209000805.0</controlfield>
  <controlfield tag="008">140308s1927    enk           000 0 eng d</controlfield>
  <datafield tag="035" ind1=" " ind2=" ">
    <subfield code="a">(BD-RjUL)22363</subfield>
  </datafield>
  <datafield tag="035" ind1=" " ind2=" ">
    <subfield code="a">(OCoLC)1516370</subfield>
  </datafield>
  <datafield tag="040" ind1=" " ind2=" ">
    <subfield code="a">DLC</subfield>
    <subfield code="c">FM</subfield>
    <subfield code="d">OCoLC</subfield>
    <subfield code="d">DLC</subfield>
    <subfield code="d">BD-RjUL</subfield>
    <subfield code="b">eng</subfield>
  </datafield>
  <datafield tag="041" ind1=" " ind2=" ">
    <subfield code="a">eng</subfield>
  </datafield>
  <datafield tag="082" ind1="0" ind2="0">
    <subfield code="b">STE V-1 1927</subfield>
    <subfield code="a">829.1</subfield>
  </datafield>
  <datafield tag="100" ind1="1" ind2=" ">
    <subfield code="a">Starkey, Thomas,</subfield>
    <subfield code="d">-1538.</subfield>
    <subfield code="9">68847</subfield>
  </datafield>
  <datafield tag="245" ind1="1" ind2="0">
    <subfield code="a">England in the reign of King Henry the Eighth :</subfield>
    <subfield code="b">[A dialogue between Cardinal Pole and Thomas Lupset, lecturer in rhetoric at Oxford /</subfield>
    <subfield code="c">By Thomas Starkey, chaplain to the King. Ed. with preface notes, and glossary, by J.M. Cowper] ...</subfield>
    <subfield code="n">Part 1 :</subfield>
    <subfield code="p">Starkeys Life and Letters</subfield>
  </datafield>
  <datafield tag="260" ind1=" " ind2=" ">
    <subfield code="a">London :</subfield>
    <subfield code="b">Pub. for the Early English Text Society, by N. Tr&#xFC;bner &amp; Co.,</subfield>
    <subfield code="c">1927.</subfield>
  </datafield>
  <datafield tag="300" ind1=" " ind2=" ">
    <subfield code="a">2 p. l., [iii]-c (i.e. 102) p., 1 l., ci-cixxvii, 236 p. ;</subfield>
    <subfield code="c">23 cm.</subfield>
  </datafield>
  <datafield tag="490" ind1="0" ind2=" ">
    <subfield code="a">Early English Text Society. Extra series.</subfield>
    <subfield code="v">no. XXXII, XII</subfield>
  </datafield>
  <datafield tag="500" ind1=" " ind2=" ">
    <subfield code="a">Part 1 issued in 1878; pt. 2, in 1871.</subfield>
  </datafield>
  <datafield tag="505" ind1="0" ind2=" ">
    <subfield code="a">pt. I. Starkey's life and letters. With an appendix, giving an extract from Sir William Forrest's Pleasaunt poesye of princelie practise, 1548. Ed. by Sidney J. Herrtage.--pt. II. A dialogue between Cardinal Pole and Thomas Lupset ... Ed. by J.M. Cowper.</subfield>
  </datafield>
  <datafield tag="600" ind1="0" ind2="0">
    <subfield code="a">Henry</subfield>
    <subfield code="c">King of England,</subfield>
    <subfield code="d">1491-1547</subfield>
    <subfield code="9">68859</subfield>
  </datafield>
  <datafield tag="600" ind1="1" ind2="0">
    <subfield code="a">Pole, Reginald,</subfield>
    <subfield code="d">1500-1558.</subfield>
    <subfield code="9">68860</subfield>
  </datafield>
  <datafield tag="600" ind1="1" ind2="0">
    <subfield code="a">Lupset, Thomas,</subfield>
    <subfield code="d">1498?-1530.</subfield>
    <subfield code="9">68861</subfield>
  </datafield>
  <datafield tag="651" ind1=" " ind2="0">
    <subfield code="a">Great Britain</subfield>
    <subfield code="x">History</subfield>
    <subfield code="y">Henry VIII, 1509-1547.</subfield>
    <subfield code="9">61197</subfield>
  </datafield>
  <datafield tag="651" ind1=" " ind2="0">
    <subfield code="a">Great Britain</subfield>
    <subfield code="x">Economic conditions.</subfield>
    <subfield code="9">68851</subfield>
  </datafield>
  <datafield tag="700" ind1="1" ind2=" ">
    <subfield code="a">Forrest, William,</subfield>
    <subfield code="c">Sir,</subfield>
    <subfield code="d">active 1530-1581.</subfield>
    <subfield code="9">68852</subfield>
  </datafield>
  <datafield tag="700" ind1="1" ind2=" ">
    <subfield code="a">Cowper, J. Meadows</subfield>
    <subfield code="q">(Joseph Meadows),</subfield>
    <subfield code="e">ed.</subfield>
    <subfield code="9">68853</subfield>
  </datafield>
  <datafield tag="700" ind1="1" ind2=" ">
    <subfield code="a">Herrtage, Sidney J. H.</subfield>
    <subfield code="q">(Sidney John Hervon),</subfield>
    <subfield code="e">ed.</subfield>
    <subfield code="9">61193</subfield>
  </datafield>
  <datafield tag="942" ind1=" " ind2=" ">
    <subfield code="2">ddc</subfield>
    <subfield code="c">BK</subfield>
  </datafield>
  <datafield tag="999" ind1=" " ind2=" ">
    <subfield code="c">22298</subfield>
    <subfield code="d">22298</subfield>
  </datafield>
  <datafield tag="952" ind1=" " ind2=" ">
    <subfield code="0">0</subfield>
    <subfield code="1">0</subfield>
    <subfield code="2">ddc</subfield>
    <subfield code="4">0</subfield>
    <subfield code="7">2</subfield>
    <subfield code="8">NFIC</subfield>
    <subfield code="a">RUCL</subfield>
    <subfield code="b">RUCL</subfield>
    <subfield code="c">Reading</subfield>
    <subfield code="d">1956-11-06</subfield>
    <subfield code="e">Blackwell</subfield>
    <subfield code="g">9.60</subfield>
    <subfield code="l">0</subfield>
    <subfield code="o">826.1 STE V-1 1927</subfield>
    <subfield code="r">2014-03-08 00:00:00</subfield>
    <subfield code="t">C-1</subfield>
    <subfield code="w">2021-12-09</subfield>
    <subfield code="y">BK</subfield>
  </datafield>
</record>
